La naturaleza del servicio social : un ensayo sobre su génesis, su especificidad y su reproducción /

Na minha lista:
Detalhes bibliográficos
Autor principal: Montaño, Carlos (autor)
Formato: Livro
Idioma:espanhol
Publicado em: São Paulo, Brasil Cortez, 1998, c1998
Colecção:(Biblioteca Lationamericana de Servicio Social. Ensayos ; 4)
Assuntos:
Tags: Adicionar Tag
Sem tags, seja o primeiro a adicionar uma tag!

MARC

LEADER 00000nam^a2200000^a^4500
001 000145198
005 20250521000000.0
009 20260310095828.758
020 |a 85-249-0683-9 
037 |a Acervo ITESO - Biblioteca 
041 |a ESP 
082 |a 361. 3  |b MON 
100 |a Montaño, Carlos  |e (autor) 
245 1 3 |a La naturaleza del servicio social :  |b un ensayo sobre su génesis, su especificidad y su reproducción /  |c C. Montaño ; pról. de María Cecilia Vega Guzmán ; tr. por Alejandra Pastorini. 
264 4 |a São Paulo, Brasil  |b Cortez,  |c 1998, c1998 
300 |a 209 p. 
336 |a texto  |b txt  |2 rdacontenido 
337 |a sin mediación  |b n  |2 rdamedio 
338 |a volumen  |b nc  |2 rdasoporte 
440 1 |a (Biblioteca Lationamericana de Servicio Social.  |p Ensayos ;  |v 4) 
649 |a XX 
650 |a Servicio Social -  |x Tema Principal 
650 |a Asistencia Social 
650 |a Problemas Sociales 
650 |a Programas Sociales 
650 |a Desarrollo Comunitario 
650 |a Desarrollo Económico-Social 
650 |a Intervención Social 
650 |a Trabajo Social 
650 |a Política Social 
650 |a Sociología 
910 |a Fondo General 
920 |a Impresos - Libros 
930 |a Colección General 
905 |a 101 
901 |a 0500074436  |b IT1  |c ACC  |u 20250521 
902 |a https://opac.biblio.iteso.mx/vufind/Record/000145198